Leçons du Dr. Amussat, sur les rétentions d'urine causées par les rétrécissemens du canal de l'urétre et sur les maladies de la prostate / publiées sous yeux, par A. Petit ( de L'Ile de Ré), Docteur en médecine de la Faculté de Paris. Avec trois planches

Detalles Bibliográficos
Autor principal: Amussat
Otros Autores: Petit, A., ed
Formato: Libro
Lenguaje:French
Publicado: a Paris : chez Germer-Baillière, libraire, rue de l'École-de-Médecine, n° 13 (bis), et chez l'auteur, rue de la Harpe, N° 81 ; a Londres : chez J.- B. Baillière, libraire de Collége Royal des Cirurgiens de Londres, 219 regent street ; a Bruxelles : chez Tircher, libraires ; a Gand : chez Dujardin, libraires ; a Liège : chez Desoer, libraires, 1832.
Materias:
Colección:Banco de datos
Acervo:Universidad Autónoma Benito Juárez de Oaxaca. Biblioteca Francisco de Burgoa. Colección antigua
Descripción Física:VI, 229 p., [3] h. : il. ; 8°
Tema general:Urología
Notas:Portada tipográfica con plecas. Texto a renglón seguido con paginación en números arábigos y romanos, notas a pie de página y signaturas. Incluye ilustraciones. Propiedad intelectual: Épernay, imprim. de Warin-Thierry et fils. Encuadernación en cartón con lomo en piel. Daños por humedad y polilla
LEADER 01641nam a22002050004500
035 |a 4520 
041 0 |a fre 
100 1 |a Amussat 
245 1 0 |a Leçons du Dr. Amussat, sur les rétentions d'urine causées par les rétrécissemens du canal de l'urétre et sur les maladies de la prostate / publiées sous yeux, par A. Petit ( de L'Ile de Ré), Docteur en médecine de la Faculté de Paris. Avec trois planches 
260 |a a Paris : chez Germer-Baillière, libraire, rue de l'École-de-Médecine, n° 13 (bis), et chez l'auteur, rue de la Harpe, N° 81 ; a Londres : chez J.- B. Baillière, libraire de Collége Royal des Cirurgiens de Londres, 219 regent street ; a Bruxelles : chez Tircher, libraires ; a Gand : chez Dujardin, libraires ; a Liège : chez Desoer, libraires, 1832. 
300 |a VI, 229 p., [3] h. : il. ; 8° 
500 |a Portada tipográfica con plecas. Texto a renglón seguido con paginación en números arábigos y romanos, notas a pie de página y signaturas. Incluye ilustraciones. Propiedad intelectual: Épernay, imprim. de Warin-Thierry et fils. Encuadernación en cartón con lomo en piel. Daños por humedad y polilla 
504 |a Al principio de la obra está el catálogo de publicaciones en venta de la casa impresora 
504 |a Al final de la obra está el índice de contenido 
650 1 0 |a Urología 
700 1 |a Petit, A., ed. 
852 |a Universidad Autónoma "Benito Juárez" de Oaxaca, Biblioteca Francisco de Burgoa, Colección antigua 14876 
942 |c BURANT 
943 |g Universidad Autónoma Benito Juárez de Oaxaca. Biblioteca Francisco de Burgoa. Colección antigua 
999 |c 1115531  |d 1115531